Statistics for SEC College Football Teams

Click here to take the quiz!

General Stats

  • This quiz has been taken 32,142 times
    (2,482 since last reset)
  • The average score is 25 of 29

Answer Stats

School/Team Name% Correct
Alabama
98%
Georgia
97%
Florida
95%
Texas
95%
Mississippi
94%
LSU
93%
Crimson Tide
91%
Tennessee
91%
Arkansas
90%
Auburn
90%
Bulldogs
90%
Gators
90%
Tigers
90%
Kentucky
88%
South Carolina
88%
Longhorns
87%
Missouri
87%
Mississippi State
86%
Texas A&M
85%
Vanderbilt
84%
Volunteers
84%
Oklahoma
83%
Razorbacks
82%
Wildcats
79%
Gamecocks
78%
Sooners
77%
Aggies
76%
Rebels
75%
Commodores
68%

Score Distribution

Percentile by Number Answered

Percent of People with Each Score

Your Score History

You have not taken this quiz since the last reset